000 00749nam a22002655i 4500
001 11084
003 ES-MaACL
005 20230906150026.0
007 t|
008 930107s1992 sp ||||0| cat j
020 _a84-7533-839-9
040 _aM-BN
_bspa
_cM-BN
080 _a524.8
100 1 _aSalvador, Eduard.
_9102068
245 1 2 _aL'univers conegut /
_cEduard Salvador.
250 _a[1ª ed.].
260 _aBarcelona :
_bBarcanova,
_c1992.
300 _a138 p ;
_c19 cm.
490 1 _aBiblioteca cultural Barcanova ;
_v27
504 _aBibliografía: p. 137-138.
650 _aUniverso.
_917690
830 0 _aBiblioteca cultural Barcanova ;
_v27
_9178933
852 _aES-MaACL
_jL-18396
_bR.121818
999 _c11084
_d11084